[Event "FIDE World Rapid Team"]
[Site "London ENG"]
[Date "2025.06.12"]
[Round "5.1"]
[White "Schneider, Ilja"]
[Black "Skytte, Rasmus"]
[Result "1/2-1/2"]
[WhiteTitle "IM"]
[BlackTitle "IM"]
[WhiteElo "2417"]
[BlackElo "2367"]
[WhiteTeam "Berlin Chess Federation"]
[BlackTeam "Danish Futures"]
[WhiteFideId "4663306"]
[BlackFideId "1404210"]
[EventDate "2025.06.11"]
[EventType "team"]

1. e4 c5 2. Nc3 Nc6 3. Bb5 Nd4 4. Nf3 a6 5. Bd3 g6 6. O-O Bg7 7. Re1 e6 8. Rb1
Nc6 9. a3 Nge7 10. b4 cxb4 11. axb4 d5 12. exd5 exd5 13. b5 axb5 14. Nxb5 O-O
15. Ba3 Bf6 16. h3 Be6 17. Qc1 Qd7 18. Bd6 Ra4 19. Rb3 Rfa8 20. Bh2 Ra1 21. Rb1
Rxb1 22. Qxb1 Ra1 23. Qb3 Rxe1+ 24. Nxe1 Nf5 25. Nf3 Nfd4 26. Nfxd4 Nxd4 27.
Nxd4 Bxd4 28. Qb4 Bf6 29. Bd6 Qc6 30. Qf4 Bg7 31. Be5 Qb6 32. Bxg7 Kxg7 33. h4
h5 34. Qe5+ Kg8 35. Qf6 Qb1+ 36. Kh2 Qb4 37. c3 Qd6+ 38. Kg1 Qd7 39. Bxg6 fxg6
40. Qxg6+ Kf8 41. Qxh5 Qg7 42. Kh2 b6 43. f3 d4 44. Qb5 dxc3 45. Qb4+ Ke8 46.
dxc3 Qe5+ 47. Kg1 Qe1+ 48. Kh2 Qe5+ 49. Kg1 1/2-1/2

[Event "FIDE World Rapid Team"]
[Site "London ENG"]
[Date "2025.06.12"]
[Round "5.2"]
[White "Kistrup, Nicolai"]
[Black "Fromm, Marius"]
[Result "0-1"]
[WhiteTitle "IM"]
[BlackTitle "IM"]
[WhiteElo "2381"]
[BlackElo "2444"]
[WhiteTeam "Danish Futures"]
[BlackTeam "Berlin Chess Federation"]
[WhiteFideId "1444816"]
[BlackFideId "12993190"]
[EventDate "2025.06.11"]
[EventType "team"]

1. c4 e5 2. Nc3 Nf6 3. Nf3 Nc6 4. g3 Bb4 5. Nd5 e4 6. Nh4 O-O 7. Bg2 d6 8. a3
Bc5 9. O-O Re8 10. e3 g5 11. b4 gxh4 12. bxc5 dxc5 13. f3 Nxd5 14. cxd5 Qxd5 15.
Bb2 hxg3 16. hxg3 Qg5 17. fxe4 Ne5 18. Qb3 c4 19. Qc3 Qxg3 20. Rf2 Bh3 21. Kf1
Re6 22. Bxh3 Qxh3+ 23. Rg2+ Rg6 24. Qxe5 Qh1+ 0-1

[Event "FIDE World Rapid Team"]
[Site "London ENG"]
[Date "2025.06.12"]
[Round "5.3"]
[White "Florstedt, Johannes"]
[Black "Nilssen, Ellen Fredericia"]
[Result "0-1"]
[WhiteTitle "FM"]
[BlackTitle "WIM"]
[WhiteElo "2391"]
[BlackElo "2160"]
[WhiteTeam "Berlin Chess Federation"]
[BlackTeam "Danish Futures"]
[WhiteFideId "12922293"]
[BlackFideId "1441230"]
[EventDate "2025.06.11"]
[EventType "team"]

1. e4 e6 2. d4 d5 3. e5 c5 4. c3 Nc6 5. Nf3 Bd7 6. Be2 Nge7 7. Na3 cxd4 8. cxd4
Nf5 9. Nc2 Qb6 10. O-O Rc8 11. a3 Na5 12. b4 Nc4 13. Bd3 Ba4 14. g4 Ne7 15. Ng5
h6 16. Nh3 Nc6 17. Be3 Nb2 18. Qd2 Nxd3 19. Qxd3 Bb5 20. Qd2 Bxf1 21. Rxf1 Be7
22. f4 a5 23. f5 axb4 24. Nf4 exf5 25. Nxd5 Qb5 26. Qg2 b3 27. Ncb4 Nxb4 28.
axb4 Qd3 29. gxf5 Bg5 30. Qg3 b2 31. e6 Qxf1+ 32. Kxf1 b1=Q+ 33. Kg2 Qe4+ 0-1

[Event "FIDE World Rapid Team"]
[Site "London ENG"]
[Date "2025.06.12"]
[Round "5.4"]
[White "Skytte, Robert"]
[Black "Schulze, Lara"]
[Result "0-1"]
[WhiteTitle "CM"]
[BlackTitle "FM"]
[WhiteElo "2015"]
[BlackElo "2317"]
[WhiteTeam "Danish Futures"]
[BlackTeam "Berlin Chess Federation"]
[WhiteFideId "1471775"]
[BlackFideId "12956830"]
[EventDate "2025.06.11"]
[EventType "team"]

1. e4 e5 2. Nf3 Nc6 3. Bc4 Nf6 4. Ng5 d5 5. exd5 Na5 6. Bb5+ Bd7 7. Bxd7+ Qxd7
8. Nc3 Nxd5 9. Qe2 O-O-O 10. O-O Nc6 11. Nxd5 Qxd5 12. Qg4+ Kb8 13. d3 h6 14.
Nf3 h5 15. Qe4 Qd6 16. Re1 f6 17. Be3 g5 18. d4 g4 19. dxe5 Qb4 20. Qxb4 Bxb4
21. c3 gxf3 22. cxb4 Nxe5 23. Rad1 Nd3 24. Rf1 Rhg8 25. g3 Nxb2 26. Rd4 Nd3 27.
Rd1 Rxd4 28. Bxd4 Nxb4 29. Bxf6 Nxa2 30. Rd3 b6 31. Rxf3 Rf8 32. Ra3 Rxf6 33.
Rxa2 c5 34. h3 c4 35. f4 b5 36. Kf2 h4 37. Ke3 hxg3 38. Ke4 Rg6 39. Rg2 c3 40.
f5 Rg8 41. Kf3 b4 42. Ke3 Kc7 43. Kd4 Kd6 44. h4 c2 0-1

[Event "FIDE World Rapid Team"]
[Site "London ENG"]
[Date "2025.06.12"]
[Round "5.5"]
[White "Rath, Alina"]
[Black "Derlich, Sarah Sima"]
[Result "1-0"]
[WhiteTitle "CM"]
[BlackTitle "WCM"]
[WhiteElo "2019"]
[BlackElo "1926"]
[WhiteTeam "Berlin Chess Federation"]
[BlackTeam "Danish Futures"]
[WhiteFideId "24607886"]
[BlackFideId "1469290"]
[EventDate "2025.06.11"]
[EventType "team"]

1. c4 e6 2. g3 d5 3. Bg2 Nf6 4. Nf3 Bd6 5. O-O O-O 6. b3 Nc6 7. Bb2 d4 8. e3 e5
9. exd4 exd4 10. d3 Bg4 11. h3 Bh5 12. Qd2 Bc5 13. Na3 Qd7 14. Kh2 Bg6 15. Nc2
a5 16. a3 Qd6 17. Rab1 Ne5 18. Nxe5 Qxe5 19. b4 axb4 20. axb4 Ba7 21. Bxb7 Rad8
22. Rbd1 c5 23. f4 Qh5 24. Bf3 Qh6 25. Kg2 Bf5 26. g4 Qg6 27. Kh1 Bc8 28. Qg2
Rfe8 29. b5 Bb6 30. Bc1 h5 31. f5 Qh7 32. g5 Nd7 33. g6 Qh8 34. Bd5 Re7 35.
gxf7+ Kf8 36. Rde1 Nf6 37. Rxe7 Kxe7 38. Bf3 Bxf5 39. Ne1 Qh7 40. Qe2+ Kxf7 41.
Bg2 Re8 42. Qf3 Bd7 43. Bg5 Bd8 44. Qd5+ Ke7 45. Qxc5+ Kf7 46. Qxd4 Qg6 47. Bxf6
Bxf6 48. Qxd7+ Re7 49. Qd5+ Ke8 50. Qc6+ 1-0

[Event "FIDE World Rapid Team"]
[Site "London ENG"]
[Date "2025.06.12"]
[Round "5.6"]
[White "Andries, Leia"]
[Black "Ziems, Michael"]
[Result "1-0"]
[WhiteElo "1830"]
[BlackElo "1904"]
[WhiteTeam "Danish Futures"]
[BlackTeam "Berlin Chess Federation"]
[WhiteFideId "1469207"]
[BlackFideId "24678490"]
[EventDate "2025.06.11"]
[EventType "team"]

1. e4 c5 2. c3 e6 3. d4 d5 4. exd5 Qxd5 5. Nf3 Nf6 6. Na3 a6 7. Nc4 Qd8 8. Bf4
b5 9. Nce5 Bb7 10. dxc5 Qxd1+ 11. Rxd1 Bxc5 12. Be2 Nd5 13. Bg3 f6 14. Nd3 Bb6
15. Nf4 Nxf4 16. Bxf4 e5 17. Bg3 Nd7 18. O-O Nc5 19. Nd2 Ke7 20. Rfe1 Rad8 21.
Bf3 Bxf3 22. Nxf3 Na4 23. Rxd8 Rxd8 24. Re2 Rd1+ 25. Ne1 Nxb2 26. Kf1 Nc4 27.
Kg1 Rc1 28. h3 Rxc3 29. Kh2 Nd6 30. f4 Nf5 31. Nf3 Nxg3 32. Kxg3 Bd4 33. Kg4 Kd6
34. Rd2 Kc5 35. Kf5 Be3 36. Rd7 Bxf4 37. Rxg7 Ra3 38. Rc7+ Kb6 39. Rc2 b4 40.
Rb2 a5 41. Kxf6 e4 42. Nd4 Bc1 43. Rc2 Bf4 44. Ne6 Bg3 45. Nc5 e3 46. Ne4 Bf4
47. Kf5 Bh6 48. Nd6 Rc3 49. Re2 Rd3 50. Ke6 Bf4 51. Ne4 Kb5 52. Kf5 Bh6 53. g4
Kc4 54. g5 Bf8 55. h4 Rd5+ 56. Kf4 Rd3 57. h5 Kd4 58. Kf3 a4 59. Nf6 h6 60. g6
Bg7 61. Ng4 b3 62. axb3 axb3 63. Nxe3 b2 64. Rxb2 Rxe3+ 65. Kg4 Re4+ 66. Kg3 Ke3
67. Rb7 Be5+ 68. Kh3 Rf4 69. g7 Rf3+ 70. Kh4 Rg3 71. Rb3+ Kf2 72. Rxg3 Bxg3+ 73.
Kg4 1-0

[Event "FIDE World Rapid Team"]
[Site "London ENG"]
[Date "2025.06.12"]
[Round "5.1"]
[White "Vaidyanathan, Adithya"]
[Black "Kogan, Arthur"]
[Result "0-1"]
[BlackTitle "GM"]
[WhiteElo "2111"]
[BlackElo "2475"]
[WhiteTeam "UK Chess Challenge Masters"]
[BlackTeam "OlalaStars"]
[WhiteFideId "495450"]
[BlackFideId "2800802"]
[EventDate "2025.06.11"]
[EventType "team"]

1. d4 Nf6 2. c4 g6 3. Nc3 Bg7 4. e4 d6 5. Nf3 O-O 6. h3 c5 7. d5 e6 8. Be3 Re8
9. Be2 exd5 10. exd5 Bf5 11. O-O Ne4 12. Nxe4 Bxe4 13. Qb3 Qb6 14. Qa4 Na6 15.
Ng5 Bxb2 16. Qd7 Qc7 17. Qxc7 Nxc7 18. Nxe4 Rxe4 19. Rab1 Bd4 20. Bf3 Rxe3 21.
fxe3 Bxe3+ 22. Kh2 b6 23. Rb3 Bf4+ 24. g3 Be5 25. Ra3 h5 26. h4 b5 27. Re3 Re8
28. Rfe1 bxc4 29. Kg2 c3 30. Rb1 Na6 31. a3 c4 32. Re4 c2 33. Rc1 Nc5 34. Rxc4
Nd3 35. R1xc2 Ne1+ 36. Kf2 Nxc2 37. Rxc2 Bd4+ 38. Kg2 Re3 39. a4 Ra3 40. Rc4
Ra2+ 41. Kh1 Be5 42. Kg1 Bxg3 43. Kf1 Rf2+ 44. Kg1 Rxf3 45. Kg2 Ra3 46. Rc7 a5
47. Rc6 Be5 48. Rc4 Rg3+ 49. Kf2 Rg4 50. Rc8+ Kg7 51. Ra8 Rxa4 52. Ke2 Re4+ 53.
Kf3 Rf4+ 54. Ke3 a4 55. Ra6 Rxh4 56. Ra5 Rd4 57. Ra6 h4 58. Kf3 h3 59. Ra5 h2
60. Kg2 Rd2+ 61. Kh1 Rd1+ 62. Kg2 h1=Q+ 63. Kf2 Bd4+ 64. Kg3 Rd3+ 65. Kf4 Qf3+
66. Kg5 Bf6# 0-1

[Event "FIDE World Rapid Team"]
[Site "London ENG"]
[Date "2025.06.12"]
[Round "5.2"]
[White "Krivenko, Dion"]
[Black "Yu, Rock"]
[Result "1-0"]
[WhiteTitle "FM"]
[WhiteElo "2243"]
[BlackElo "2057"]
[WhiteTeam "OlalaStars"]
[BlackTeam "UK Chess Challenge Masters"]
[WhiteFideId "4508378"]
[BlackFideId "489000"]
[EventDate "2025.06.11"]
[EventType "team"]

1. Nc3 d5 2. Nf3 d4 3. Ne4 Qd5 4. d3 e5 5. c4 dxc3 6. Nxc3 Bb4 7. Bd2 Bxc3 8.
Bxc3 Nc6 9. g3 f6 10. Bg2 Be6 11. O-O Qd7 12. b4 Nge7 13. b5 Nd4 14. Bxd4 exd4
15. Qa4 c5 16. Rfc1 Rc8 17. Qxa7 O-O 18. Nd2 Bd5 19. Ne4 Bxe4 20. Bxe4 Nd5 21.
Rxc5 Rxc5 22. Qxc5 Nc3 23. Bf3 Rc8 24. Qb4 g5 25. Re1 Kg7 26. e3 Qf5 27. Be4
Qxb5 28. Qe7+ Kg8 29. Qxh7+ Kf8 30. Qh8+ Ke7 31. Qxc8 Nxe4 32. dxe4 d3 33. Qc3 1-0

[Event "FIDE World Rapid Team"]
[Site "London ENG"]
[Date "2025.06.12"]
[Round "5.3"]
[White "Murawski, Jan"]
[Black "Sason, Noam"]
[Result "0-1"]
[WhiteTitle "CM"]
[WhiteElo "2164"]
[BlackElo "2153"]
[WhiteTeam "UK Chess Challenge Masters"]
[BlackTeam "OlalaStars"]
[WhiteFideId "21009287"]
[BlackFideId "371282346"]
[EventDate "2025.06.11"]
[EventType "team"]

1. c4 e5 2. Nc3 Nc6 3. Nf3 Nf6 4. e4 Bb4 5. d3 d6 6. a3 Bc5 7. Be2 O-O 8. Bg5 h6
9. Bh4 Be6 10. h3 a5 11. g4 Nd4 12. Nxd4 Bxd4 13. O-O c6 14. Bf3 g5 15. Bg3 Rb8
16. Qd2 Nd7 17. Ne2 Ba7 18. b3 b5 19. Rac1 Nc5 20. Rb1 bxc4 21. bxc4 Nb3 22. Qc2
a4 23. Kg2 Qf6 24. Rh1 Bc5 25. Rbd1 Bxa3 26. d4 exd4 27. h4 Rb4 28. hxg5 hxg5
29. Qa2 Na5 30. Qxa3 Rb3 31. Qxa4 Qxf3+ 32. Kh2 Kg7 33. Ng1 Rh8+ 34. Nh3 Bxg4
35. Bh4 Rxh4 36. Kg1 Qxd1+ 37. Kg2 Qf3+ 0-1

[Event "FIDE World Rapid Team"]
[Site "London ENG"]
[Date "2025.06.12"]
[Round "5.4"]
[White "Blokhin, Sofia"]
[Black "Zhu, Pengxiao"]
[Result "1-0"]
[WhiteTitle "WFM"]
[WhiteElo "2057"]
[BlackElo "1938"]
[WhiteTeam "OlalaStars"]
[BlackTeam "UK Chess Challenge Masters"]
[WhiteFideId "4508190"]
[BlackFideId "499307"]
[EventDate "2025.06.11"]
[EventType "team"]

1. e4 e5 2. Nc3 Nf6 3. Bc4 Nc6 4. d3 Bb4 5. Ne2 d5 6. exd5 Nxd5 7. O-O Nxc3 8.
bxc3 Be7 9. Bb3 O-O 10. Bb2 Bf5 11. Ng3 Bg6 12. c4 Re8 13. Re1 Bc5 14. Ne4 Bxe4
15. Rxe4 Qf6 16. Qd2 Rad8 17. Rae1 Re6 18. Ba4 Nd4 19. c3 Nf5 20. Qe2 Nd6 21.
Rg4 Qe7 22. Rg3 Nf5 23. Rh3 Nh4 24. Qe4 Ng6 25. Bc2 f5 26. Qf3 e4 27. dxe4 fxe4
28. Qh5 h6 29. Rg3 Qf6 30. Qxc5 Rd2 31. Rc1 Nf4 32. Qe3 Ne2+ 33. Kf1 Nxg3+ 34.
hxg3 Qd8 35. Ke1 Rd7 36. c5 Kh8 37. c4 Qf8 38. Bxe4 Rde7 39. f3 Qe8 40. Kf1 Qf8
41. Kg1 Re8 42. Rd1 Qe7 43. Bd4 c6 44. Qf4 Rf8 45. Qg4 Qe8 46. Qxg7# 1-0

[Event "FIDE World Rapid Team"]
[Site "London ENG"]
[Date "2025.06.12"]
[Round "5.5"]
[White "Longson, Sarah N"]
[Black "Agafonov, Yuri Dr"]
[Result "1/2-1/2"]
[WhiteTitle "WFM"]
[WhiteElo "1941"]
[BlackElo "2096"]
[WhiteTeam "UK Chess Challenge Masters"]
[BlackTeam "OlalaStars"]
[WhiteFideId "2501465"]
[BlackFideId "11602104"]
[EventDate "2025.06.11"]
[EventType "team"]

1. e4 d6 2. d4 Nf6 3. Nc3 g6 4. Bf4 Bg7 5. Qd2 a6 6. O-O-O b5 7. e5 dxe5 8. dxe5
Qxd2+ 9. Rxd2 Nh5 10. Nd5 Ra7 11. Be3 Rb7 12. f4 Be6 13. Be2 Bxd5 14. Rxd5 e6
15. Rd3 Bf8 16. Bf3 c6 17. Ne2 Be7 18. Rhd1 O-O 19. Bxh5 gxh5 20. f5 Rc8 21. f6
Bf8 22. Ng3 c5 23. Rd8 Rxd8 24. Rxd8 Nc6 25. Rc8 Nxe5 26. Bxc5 Nd7 27. Bxf8 Nxf8
28. Nxh5 Rd7 29. Nf4 h6 30. Nd3 Rd5 31. Nc5 a5 32. c3 e5 33. Ne4 a4 34. Kc2 h5
35. Rb8 h4 36. a3 Rd7 37. Rxb5 Kh7 38. Rxe5 Kg6 39. Rg5+ Kh6 40. Ra5 Ne6 41.
Rxa4 Rd5 42. Ra8 Nf4 43. Rh8+ Kg6 44. Rxh4 Kf5 45. Ng3+ Kg5 46. Rh7 Kxf6 47.
Ne4+ Kf5 48. Ng3+ Kg6 49. Rh8 Nxg2 50. Ne4 Ne3+ 51. Kb3 f5 52. Ng3 Rd2 53. Rg8+
Kf7 54. Rh8 Kg6 55. h4 Nd1 56. Rg8+ Kf7 57. Ra8 Rxb2+ 58. Kc4 f4 59. Ne4 Re2 60.
Ng5+ Kg6 61. Rg8+ Kh5 62. Nf3 Re3 63. Rg5+ Kh6 64. Nd4 Rxc3+ 65. Kb4 Rd3 66.
Nf5+ Kh7 67. h5 f3 68. h6 f2 69. Rg7+ Kh8 70. Ne7 Rd4+ 71. Kc5 Rg4 72. Rf7 Rg1
73. h7 f1=Q 74. Ng6+ Rxg6 75. Rxf1 1/2-1/2

[Event "FIDE World Rapid Team"]
[Site "London ENG"]
[Date "2025.06.12"]
[Round "5.6"]
[White "Kiritshenko, Platon"]
[Black "Veselow, Zoe"]
[Result "1-0"]
[WhiteElo "1587"]
[BlackElo "1761"]
[WhiteTeam "OlalaStars"]
[BlackTeam "UK Chess Challenge Masters"]
[WhiteFideId "4522010"]
[BlackFideId "497657"]
[EventDate "2025.06.11"]
[EventType "team"]

1. e4 c5 2. Nf3 e6 3. d3 a6 4. g3 d5 5. Nbd2 Nc6 6. Bg2 Nf6 7. O-O Be7 8. Re1
O-O 9. e5 Nd7 10. Nf1 Qc7 11. Bf4 b5 12. h4 Bb7 13. Qd2 Rfe8 14. h5 Rac8 15. h6
gxh6 16. Bxh6 Ndxe5 17. N1h2 Ng6 18. Ng4 f5 19. Ngh2 Bf6 20. Rab1 Qd7 21. g4 Bg7
22. Bxg7 Kxg7 23. Bh3 d4 24. gxf5 exf5 25. Qg5 Rf8 26. Nh4 Ne7 27. Re2 Kh8 28.
f3 Nxh4 29. Qxh4 Ng6 30. Qg5 Qf7 31. Rbe1 Rce8 32. Kf2 Rxe2+ 33. Rxe2 Qf6 34.
Qxf6+ Rxf6 35. Re8+ Kg7 36. Rb8 Bc6 37. Kg3 f4+ 38. Kf2 Bd5 39. Ng4 Re6 40. a3
Re7 41. Rb6 Bb7 42. b3 Bc8 43. Bg2 Ne5 44. Nxe5 Rxe5 45. Rc6 Bf5 46. Rxa6 h5 47.
Bf1 h4 48. Rb6 h3 49. Rxb5 Re6 50. Rxc5 h2 51. Bg2 Bh3 52. Bh1 Rg6 53. Rh5 Rg3
54. a4 Kg6 55. Rh8 Kg7 56. Rh4 Bg2 57. Bxg2 Rg6 58. Rxh2 Rc6 59. Rh4 Rxc2+ 60.
Kg1 Rc3 61. Bf1 Rxb3 62. Rxf4 Rb4 63. a5 Ra4 64. a6 Rxa6 65. Rxd4 Rf6 66. Kf2
Kf7 67. Re4 Kg6 68. d4 Rd6 69. Bd3 Kf6 70. Ke3 Rd7 71. f4 Rd6 72. Bc4 Rc6 73.
Kd3 Kf5 74. d5 Rd6 75. Kd4 Rd7 76. Bd3 Rd8 77. Re8+ 1-0

[Event "FIDE World Rapid Team"]
[Site "London ENG"]
[Date "2025.06.12"]
[Round "5.1"]
[White "Eilenberg, Jonas"]
[Black "Gallana, Marco"]
[Result "1-0"]
[WhiteTitle "FM"]
[WhiteElo "2316"]
[BlackElo "2215"]
[WhiteTeam "Berlin Lasker Legends"]
[BlackTeam "Hammersmith Chess Club"]
[WhiteFideId "16204271"]
[BlackFideId "824542"]
[EventDate "2025.06.11"]
[EventType "team"]

1. e4 c5 2. Nf3 Nc6 3. Bc4 e6 4. O-O a6 5. Re1 Nf6 6. c3 Nxe4 7. Rxe4 d5 8. Bxd5
Qxd5 9. Qe2 Bd6 10. Na3 O-O 11. d3 Bc7 12. c4 Qh5 13. Nc2 b6 14. h3 f5 15. Rxe6
Bd7 16. Ng5 Qxe2 17. Rxe2 Rae8 18. Rxe8 Rxe8 19. Bd2 Ne5 20. Bc3 Bc6 21. d4 Nxc4
22. b3 Nd6 23. dxc5 bxc5 24. Rd1 Nb5 25. Bd2 h6 26. Nf3 Bxf3 27. gxf3 Rd8 28.
Ne3 Nd4 29. Kg2 Rd6 30. Bc3 Rg6+ 31. Kf1 Nxf3 32. Rd7 Be5 33. Bxe5 Nxe5 34. Rd5
f4 35. Nf5 Re6 36. Rxc5 Nd3 37. Rc3 Re1+ 38. Kg2 Ne5 39. Rc7 g6 40. Nxh6+ Kf8
41. Ng4 Nxg4 42. hxg4 Re2 43. a4 Rb2 44. Rb7 a5 45. Kf3 g5 46. Rb5 Ke7 47. Rxg5
Rxb3+ 48. Kxf4 Rb4+ 49. Kg3 Rxa4 50. Rg7+ Kf6 51. Ra7 Ke5 52. f4+ Ke4 53. Re7+
Kd5 54. g5 Ra1 55. Kg4 a4 56. Kf5 a3 57. g6 Kc6 58. Ra7 Kb6 59. Ra8 a2 60. Kf6
Rf1 61. Rxa2 Rxf4+ 62. Kg5 Rf1 63. Rg2 1-0

[Event "FIDE World Rapid Team"]
[Site "London ENG"]
[Date "2025.06.12"]
[Round "5.2"]
[White "Hill, Alistair"]
[Black "Yatskar, Martin"]
[Result "0-1"]
[BlackTitle "CM"]
[WhiteElo "2178"]
[BlackElo "2225"]
[WhiteTeam "Hammersmith Chess Club"]
[BlackTeam "Berlin Lasker Legends"]
[WhiteFideId "432407"]
[BlackFideId "34109676"]
[EventDate "2025.06.11"]
[EventType "team"]

1. c4 e6 2. d4 d5 3. Nc3 c5 4. cxd5 exd5 5. Nf3 Nf6 6. Bg5 Be6 7. Bxf6 Qxf6 8.
e4 dxe4 9. Nxe4 Qf4 10. Bb5+ Nc6 11. Qe2 Be7 12. O-O O-O 13. Nxc5 Bxc5 14. dxc5
Bd5 15. Rfd1 Rad8 16. a3 Rfe8 17. Qd3 a6 18. Bxc6 bxc6 19. Qc3 Re6 20. Rd4 Qf6
21. Rad1 Rde8 22. h3 h6 23. R4d3 Qf4 24. Re1 Be4 25. Rde3 Rg6 26. Qb4 f5 27. Kf1
Kh7 28. Qa5 Rb8 29. b4 Bd5 30. Rd1 Bc4+ 31. Kg1 Re8 32. Rd4 Re4 33. Qd8 Bd5 34.
Rdxe4 fxe4 35. Ne1 Rf6 36. Re2 e3 37. Nd3 exf2+ 38. Nxf2 Bxg2 39. Qd3+ Rg6 40.
Ng4 Qf1+ 41. Kh2 Qh1+ 42. Kg3 Qxh3+ 0-1

[Event "FIDE World Rapid Team"]
[Site "London ENG"]
[Date "2025.06.12"]
[Round "5.3"]
[White "Kunz, Andre"]
[Black "Stewart, Ashley"]
[Result "0-1"]
[WhiteTitle "CM"]
[WhiteElo "2128"]
[BlackElo "2093"]
[WhiteTeam "Berlin Lasker Legends"]
[BlackTeam "Hammersmith Chess Club"]
[WhiteFideId "24623652"]
[BlackFideId "419001"]
[EventDate "2025.06.11"]
[EventType "team"]

1. e4 c5 2. c3 d5 3. exd5 Qxd5 4. d4 g6 5. Nf3 Bg7 6. Be3 cxd4 7. Na3 Nh6 8. Nb5
O-O 9. cxd4 Bg4 10. Nc3 Qa5 11. h3 Bxf3 12. Qxf3 Nc6 13. Rd1 Nf5 14. Bd3 Ncxd4
15. Qe4 Nxe3 16. Qxe3 Nc6 17. O-O Bxc3 18. bxc3 Qxc3 19. Rc1 Qa3 20. Be4 Qxe3
21. fxe3 Rac8 22. Rfd1 Rfd8 23. Rxd8+ Rxd8 24. Bxc6 Rc8 25. Rd1 Rxc6 26. Rd7 Rb6
27. Rxe7 Rb2 28. a4 Kg7 29. Kh2 Kf6 30. Rc7 h5 31. Kg3 g5 32. Kf3 Rb4 33. a5 a6
34. Rc5 Rb5 35. Rc7 Kg6 36. Rd7 f6 37. Ke4 Re5+ 38. Kf3 Rxa5 39. Rxb7 Ra4 40.
Rc7 Ra1 41. Rc8 a5 42. Rg8+ Kf5 43. g4+ hxg4+ 44. hxg4+ Ke6 45. Re8+ Kf7 46. Ra8
a4 47. Ke4 Kg6 48. Rg8+ Kh7 49. Ra8 a3 50. Kf5 a2 51. Ra7+ Kg8 52. Kg6 Kf8 53.
e4 Ke8 54. Kg7 Kd8 55. Kf7 Kc8 56. Kxf6 Rf1+ 57. Kxg5 a1=Q 58. Rxa1 Rxa1 59. Kf6
Kd7 60. g5 Rf1+ 61. Kg7 Rf4 62. g6 Rxe4 63. Kh7 Rh4+ 64. Kg8 Ke7 65. g7 Rg4 0-1

[Event "FIDE World Rapid Team"]
[Site "London ENG"]
[Date "2025.06.12"]
[Round "5.4"]
[White "Hanache, Kai"]
[Black "Stein, Theodor"]
[Result "1-0"]
[WhiteElo "2149"]
[BlackElo "1877"]
[WhiteTeam "Hammersmith Chess Club"]
[BlackTeam "Berlin Lasker Legends"]
[WhiteFideId "490105"]
[BlackFideId "34602801"]
[EventDate "2025.06.11"]
[EventType "team"]

1. e4 d6 2. d4 Nf6 3. Nc3 g6 4. Nf3 Bg7 5. Bc4 O-O 6. O-O Nxe4 7. Nxe4 d5 8. Bd3
dxe4 9. Bxe4 Nd7 10. c3 c5 11. h3 cxd4 12. Nxd4 Nc5 13. Bf3 Qb6 14. Re1 e5 15.
Nb3 Rd8 16. Qe2 Nxb3 17. axb3 Qxb3 18. Ra3 Qe6 19. c4 a6 20. Bg5 Re8 21. Bd5 Qd6
22. Rf3 Be6 23. Bxb7 Rab8 24. Rd1 Bxc4 25. Qc2 Qe6 26. Rc3 Rxb7 27. Rxc4 Rxb2
28. Qd3 Rbb8 29. Rc7 h6 30. Be3 e4 31. Qd2 Be5 32. Ra7 h5 33. Qa5 Qb3 34. Rf1
Qb5 35. Rxa6 Bh2+ 36. Kxh2 Qxf1 37. Rxg6+ fxg6 38. Qd5+ Kg7 39. Qd7+ Kf6 40. g4
Qd3 41. g5+ Ke5 42. f4+ exf3 43. Qxd3 Red8 44. Qxg6 Rb2+ 45. Kg3 f2 46. Qf6+ Ke4
47. Qe6+ Kd3 48. Bxf2 h4+ 49. Kxh4 Rxf2 50. Kg4 Rdf8 51. Qd5+ Ke3 52. Qe5+ Kd3
53. Qg3+ Ke4 54. g6 R8f5 55. g7 R2f4+ 56. Qxf4+ Rxf4+ 57. Kg3 Rf1 58. Kg2 Rf5
59. g8=Q Kf4 60. Qg3+ Ke4 61. Qg4+ Ke5 62. Qe2+ Kf4 63. h4 Rf6 64. Kh3 Rg6 65.
h5 Rg3+ 66. Kh4 Re3 67. Qxe3+ Kxe3 68. h6 1-0

[Event "FIDE World Rapid Team"]
[Site "London ENG"]
[Date "2025.06.12"]
[Round "5.5"]
[White "Ho, Ngoc Hai-Dang"]
[Black "Aryaman Ganguly"]
[Result "1-0"]
[WhiteElo "1932"]
[BlackElo "1826"]
[WhiteTeam "Berlin Lasker Legends"]
[BlackTeam "Hammersmith Chess Club"]
[WhiteFideId "16206509"]
[BlackFideId "25981226"]
[EventDate "2025.06.11"]
[EventType "team"]

1. e4 c5 2. Nf3 d6 3. d4 cxd4 4. Nxd4 Nf6 5. Nc3 g6 6. Bc4 a6 7. Bb3 Bg7 8. f3
Nbd7 9. Be3 b5 10. Qd2 Bb7 11. Bh6 O-O 12. h4 Ne5 13. O-O-O Rc8 14. h5 e6 15.
hxg6 Nxg6 16. Bxg7 Kxg7 17. Qh6+ Kh8 18. g4 1-0

[Event "FIDE World Rapid Team"]
[Site "London ENG"]
[Date "2025.06.12"]
[Round "5.6"]
[White "Cepoi, Gesneria-Codruta"]
[Black "Schuster, Rebekka"]
[Result "1-0"]
[WhiteElo "1598"]
[BlackElo "1806"]
[WhiteTeam "Hammersmith Chess Club"]
[BlackTeam "Berlin Lasker Legends"]
[WhiteFideId "1285297"]
[BlackFideId "24674095"]
[EventDate "2025.06.11"]
[EventType "team"]

1. d4 e6 2. c4 f5 3. Nf3 Nf6 4. g3 Be7 5. Bg2 O-O 6. O-O d6 7. Nc3 Ne4 8. Nxe4
fxe4 9. Nd2 d5 10. f3 Nc6 11. e3 Na5 12. fxe4 Rxf1+ 13. Qxf1 c5 14. exd5 Qb6 15.
Qd3 cxd4 16. exd4 e5 17. c5 Qb4 18. d6 Bf6 19. a3 Qxd4+ 20. Qxd4 exd4 21. b4 d3
22. Rb1 Nc6 23. Ne4 Bd4+ 24. Kf1 Bg4 25. Bf4 h6 26. Nf2 Be2+ 27. Ke1 g5 28. Bd2
Rf8 29. Nxd3 Bxd3 30. Rb3 Re8+ 31. Kd1 Bc4 32. Rb1 Ba2 33. Rc1 Bb3+ 34. Rc2
Bxc2+ 35. Kxc2 Re2 36. Bd5+ Kf8 37. Kd3 Rxh2 38. Bxc6 bxc6 39. Kxd4 Rxd2+ 40.
Ke5 Kf7 41. g4 Rd3 42. a4 Rb3 43. b5 cxb5 44. c6 bxa4 45. c7 Rc3 46. d7 Rxc7 47.
d8=Q Re7+ 48. Kd4 Ke6 49. Qd5+ Kf6 50. Qf5+ Kg7 51. Kc4 a3 52. Kb3 Re3+ 53. Ka2
a5 54. Qd7+ Kf6 55. Qd4+ Re5 56. Kxa3 Ke6 57. Qb6+ Kd5 58. Qxa5+ Ke4 59. Qb4+
Kf3 60. Qf8+ Kxg4 61. Qxh6 Re3+ 62. Kb4 Kf4 63. Qf6+ Kg4 64. Kc4 Rf3 65. Qe6+
Kh4 66. Kd4 Rf4+ 67. Ke3 Kg3 68. Qe5 Kg4 69. Qe6+ Kh4 70. Qh6+ Kg4 71. Qh1 Kf5
72. Qg2 Kf6 73. Qg3 Kf5 74. Qh3+ Kf6 75. Qh7 Rf5 76. Qh6+ Ke5 77. Qg6 Rf6 78.
Qxg5+ Rf5 79. Qe7+ Kd5 80. Qd7+ Ke5 81. Qd4+ Ke6 82. Qg4 Ke5 83. Qg7+ Ke6 84.
Qb7 Ke5 85. Qb8+ Ke6 86. Ke4 Rg5 87. Qc8+ Kf6 88. Kf4 Rh5 89. Qd8+ Kg6 90. Kg4
Rh7 91. Qg8+ Rg7 92. Qe6+ Kh7+ 93. Kh5 Kh8 94. Qe5 Kh7 95. Qf5+ Kg8 96. Kh6 Rf7
97. Qe6 Kf8 98. Kg6 Re7 99. Qd6 Ke8 100. Kf6 Rd7 101. Qb8+ Rd8 102. Qb5+ Kf8
103. Qb4+ Kg8 104. Qg4+ Kf8 105. Qg7+ 1-0